[Event "ZN-2020-0-04243"]
[Site "LSS email"]
[Date "2020.11.20"]
[Round "?"]
[White "Reed, James"]
[Black "Newton, Daryl"]
[Result "1-0"]
[WhiteElo "546"]
[BlackElo "266"]
[PlyCount "45"]
[EventDate "2020.11.20"]
[EventType "match (corr)"]
[EventRounds "2"]
[EventCountry "GER"]
[SourceTitle "Corr 2022"]
[Source "ChessBase"]
[SourceDate "2021.10.24"]
[SourceVersion "1"]
[SourceVersionDate "2021.10.24"]
[SourceQuality "1"]

1. e4 e5 2. Nf3 Nf6 3. Nc3 Bc5 4. Bc4 c6 5. d3 Qb6 6. Qe2 Ng4 7. Be3 Nxe3 8. fxe3 Bxe3 9. Na4 Qb4+ 10. c3 Qxa4 11. Qxe3 Qc2 12. Qd2 Qa4 13. 0-0 b5 14. Bb3 Qa5 15. Nxe5 0-0 16. Bxf7+ Kh8 17. Bb3 Rf6 18. Rxf6 gxf6 19. Nf7+ Kg7 20. Qh6+ Kg8 21. Ng5+ d5 22. Qxh7+ Kf8 23. Qf7# 1-0

[Event "LSS No Engine Cup 209 Preliminary 0"]
[Site "LSS email"]
[Date "2020.10.24"]
[Round "?"]
[White "Reed, James"]
[Black "Malmstrom, Jan"]
[Result "0-1"]
[WhiteElo "1161"]
[BlackElo "1523"]
[PlyCount "56"]
[EventDate "2020.10.24"]
[EventType "tourn (corr)"]
[EventRounds "6"]
[EventCountry "GER"]
[SourceTitle "Corr 2022"]
[Source "ChessBase"]
[SourceDate "2021.10.24"]
[SourceVersion "1"]
[SourceVersionDate "2021.10.24"]
[SourceQuality "1"]

1. e4 c5 2. Nf3 d6 3. Nc3 Nf6 4. h3 g6 5. Bc4 Bg7 6. 0-0 0-0 7. Re1 a6 8. d3 Nc6 9. a3 b5 10. Bb3 Bb7 11. Bf4 Rc8 12. Qd2 Nh5 13. Be3 Qd7 14. d4 c4 15. Ba2 f5 16. Nd5 Rce8 17. Nb6 Qd8 18. Ng5 f4 19. Ne6 fxe3 20. Qxe3 Qxb6 21. Nxf8 Bxd4 22. Qf3 Ne5 23. Qe2 Rxf8 24. Rf1 Nf4 25. Qd2 Bxe4 26. c3 Rf5 27. g4 Bxf2+ 28. Rxf2 Nf3+ 0-1

[Event "LSS No Engine Cup 209 Preliminary 0"]
[Site "LSS email"]
[Date "2020.10.24"]
[Round "?"]
[White "Reed, James"]
[Black "Van Helden, Rene"]
[Result "0-1"]
[WhiteElo "1161"]
[BlackElo "1906"]
[PlyCount "66"]
[EventDate "2020.10.24"]
[EventType "tourn (corr)"]
[EventRounds "6"]
[EventCountry "GER"]
[SourceTitle "Corr 2022"]
[Source "ChessBase"]
[SourceDate "2021.10.24"]
[SourceVersion "1"]
[SourceVersionDate "2021.10.24"]
[SourceQuality "1"]

1. e4 e5 2. Nf3 Nc6 3. Nc3 Nf6 4. a3 d5 5. d3 d4 6. Ne2 Bd6 7. Bg5 0-0 8. h3 h6 9. Bh4 Be6 10. Qd2 a5 11. Ng3 b5 12. Be2 a4 13. 0-0 Nb8 14. Rfe1 c5 15. c3 Nbd7 16. Nf5 Bc7 17. c4 Ba5 18. Qc2 Bxe1 19. Rxe1 bxc4 20. dxc4 Bxf5 21. exf5 e4 22. Nxd4 cxd4 23. Qd2 d3 24. Bd1 Nc5 25. Bxf6 Qxf6 26. b4 axb3 27. Qb4 b2 28. Bg4 Na4 29. Rb1 Rfb8 30. Qd2 Nc3 31. Rxb2 Rxb2 32. Qxb2 Ne2+ 33. Bxe2 Qxb2 0-1

[Event "LSS No Engine Cup 208 Preliminary 0"]
[Site "LSS email"]
[Date "2020.10.01"]
[Round "?"]
[White "Piacentile, Carmine"]
[Black "Reed, James"]
[Result "1-0"]
[WhiteElo "1662"]
[BlackElo "1147"]
[PlyCount "79"]
[EventDate "2020.10.01"]
[EventType "tourn (corr)"]
[EventRounds "6"]
[EventCountry "GER"]
[SourceTitle "Corr 2022"]
[Source "ChessBase"]
[SourceDate "2021.10.24"]
[SourceVersion "1"]
[SourceVersionDate "2021.10.24"]
[SourceQuality "1"]

1. e4 c5 2. c4 e5 3. Nf3 Nc6 4. Nc3 Nf6 5. Be2 d6 6. 0-0 h6 7. d3 a6 8. Bd2 Be7 9. a3 0-0 10. Nd5 Nxd5 11. cxd5 Nd4 12. Nxd4 Bf6 13. Nf5 Bxf5 14. exf5 Qb6 15. Bc3 Rfe8 16. Bf3 Rac8 17. Rb1 Qc7 18. Qd2 b6 19. b4 Qd7 20. Be4 c4 21. h4 Bxh4 22. d4 Bg5 23. Qe2 f6 24. dxe5 dxe5 25. Ra1 b5 26. Rfd1 Bh4 27. Qf3 Bg5 28. d6 Rb8 29. Bc6 Qd8 30. Bxe8 Qxe8 31. d7 Qe7 32. Qc6 Rd8 33. Qe6+ Qxe6 34. fxe6 Kf8 35. g3 g6 36. Rd6 h5 37. Rxa6 Ke7 38. Rd1 Bh6 39. Rdd6 Bf8 40. Rdc6 1-0

[Event "LSS No Engine Cup 208 Preliminary 0"]
[Site "LSS email"]
[Date "2020.10.01"]
[Round "?"]
[White "Reed, James"]
[Black "Bengoa, Josu"]
[Result "1-0"]
[WhiteElo "1147"]
[BlackElo "1600"]
[PlyCount "55"]
[EventDate "2020.10.01"]
[EventType "tourn (corr)"]
[EventRounds "6"]
[EventCountry "GER"]
[SourceTitle "Corr 2022"]
[Source "ChessBase"]
[SourceDate "2021.10.24"]
[SourceVersion "1"]
[SourceVersionDate "2021.10.24"]
[SourceQuality "1"]

1. e4 e5 2. Nf3 Nc6 3. Nc3 Nf6 4. a3 Be7 5. Bc4 0-0 6. h3 d6 7. 0-0 a6 8. Re1 b5 9. Bb3 Bd7 10. d3 h6 11. Be3 Re8 12. Qd2 Nh7 13. Nd5 Nd4 14. Nxd4 Nf6 15. Nxf6+ Bxf6 16. Nf5 Re6 17. Bxe6 Bxe6 18. Rab1 c6 19. c3 c5 20. c4 bxc4 21. Qe2 a5 22. dxc4 Kh7 23. b3 g6 24. Nxh6 Bg5 25. Bxg5 Qxg5 26. Ng4 Rh8 27. a4 Kg7 28. Qf3 1-0

[Event "LSS No Engine Cup 208 Preliminary 0"]
[Site "LSS email"]
[Date "2020.10.01"]
[Round "?"]
[White "Reed, James"]
[Black "Stadler, Pavel"]
[Result "1-0"]
[WhiteElo "1147"]
[BlackElo "1491"]
[PlyCount "27"]
[EventDate "2020.10.01"]
[EventType "tourn (corr)"]
[EventRounds "6"]
[EventCountry "GER"]
[SourceTitle "Corr 2022"]
[Source "ChessBase"]
[SourceDate "2021.10.24"]
[SourceVersion "1"]
[SourceVersionDate "2021.10.24"]
[SourceQuality "1"]

1. e4 e5 2. Nf3 Nc6 3. Nc3 Nf6 4. a3 d5 5. exd5 Nxd5 6. Nxd5 Qxd5 7. Be2 Bc5 8. 0-0 Be6 9. Bb5 f6 10. Re1 Bxf2+ 11. Kxf2 Qxb5 12. b3 0-0-0 13. Qe2 Bg4 14. Qxb5 1-0

[Event "LSS No Engine Cup 208 Preliminary 0"]
[Site "LSS email"]
[Date "2020.10.01"]
[Round "?"]
[White "Wernitz, Helmut"]
[Black "Reed, James"]
[Result "1-0"]
[WhiteElo "1588"]
[BlackElo "1147"]
[PlyCount "23"]
[EventDate "2020.10.01"]
[EventType "tourn (corr)"]
[EventRounds "6"]
[EventCountry "GER"]
[SourceTitle "Corr 2022"]
[Source "ChessBase"]
[SourceDate "2021.10.24"]
[SourceVersion "1"]
[SourceVersionDate "2021.10.24"]
[SourceQuality "1"]

1. e4 c5 2. Nf3 Nc6 3. d4 e6 4. Nc3 Nf6 5. d5 exd5 6. exd5 Ne7 7. d6 Nc6 8. Qe2+ Ne7 9. Bg5 h6 10. Bxf6 gxf6 11. Nd5 b6 12. Nxf6# 1-0

[Event "OP-2020-0-05024"]
[Site "LSS email"]
[Date "2020.09.22"]
[Round "?"]
[White "Reede, Arvo"]
[Black "Reed, James"]
[Result "1-0"]
[WhiteElo "1547"]
[BlackElo "605"]
[PlyCount "57"]
[EventDate "2020.09.22"]
[EventType "tourn (corr)"]
[EventRounds "4"]
[EventCountry "GER"]
[SourceTitle "Corr 2022"]
[Source "ChessBase"]
[SourceDate "2021.10.24"]
[SourceVersion "1"]
[SourceVersionDate "2021.10.24"]
[SourceQuality "1"]

1. Nf3 Nf6 2. d4 g6 3. c4 Bg7 4. Nc3 d5 5. e3 Nc6 6. cxd5 Nxd5 7. Bc4 Be6 8. Qb3 b6 9. Bxd5 Bxd5 10. Nxd5 0-0 11. Bd2 e6 12. Nf4 Re8 13. Rc1 a6 14. Rxc6 Qd7 15. Qc4 Rec8 16. 0-0 a5 17. Rc1 Ra7 18. Rxb6 Bf8 19. Rb5 Bd6 20. Nd3 c6 21. Rxa5 Rxa5 22. Bxa5 f6 23. Nd2 Ra8 24. b4 Qb7 25. Qxe6+ Qf7 26. Qxd6 Kg7 27. Rxc6 Re8 28. Rc7 Re7 29. Rxe7 1-0

[Event "Chiang Mai op"]
[Site "Chiangmai"]
[Date "2019.03.28"]
[Round "4"]
[White "Reed, James"]
[Black "Wiwatanadate, Poompong"]
[Result "0-1"]
[WhiteElo "1549"]
[BlackElo "2025"]
[PlyCount "96"]
[EventDate "2019.03.27"]
[EventType "swiss"]
[EventRounds "9"]
[EventCountry "THA"]
[SourceTitle "CBM 190 Extra"]
[Source "ChessBase"]
[SourceDate "2019.07.15"]
[SourceVersion "1"]
[SourceVersionDate "2019.07.15"]
[SourceQuality "1"]

1. Nf3 d5 2. g3 c6 3. Bg2 Nf6 4. 0-0 g6 5. d4 Bg7 6. c4 0-0 7. Nc3 dxc4 8. Ne5 Be6 9. e3 Nfd7 10. Nxd7 Qxd7 11. d5 Bh3 12. dxc6 Qxd1 13. Rxd1 Bxg2 14. Kxg2 Nxc6 15. e4 Rad8 16. Be3 b6 17. Rab1 Ne5 18. Nd5 e6 19. Nf4 Ng4 20. Bd2 Rd7 21. Bc3 Rfd8 22. Rxd7 Rxd7 23. Re1 Bxc3 24. bxc3 Rd2 25. Re2 Rd1 26. Rc2 Kf8 27. h4 h5 28. Kf3 Ke7 29. Ke2 Rg1 30. f3 Ne5 31. Kf2 Rd1 32. Ke2 Rb1 33. Ke3 Rf1 34. Rf2 Rd1 35. Rc2 b5 36. Ke2 Rb1 37. Ng2 Nd3 38. f4 Rg1 39. Kf3 Rxg2 40. Rxg2 Ne1+ 41. Kf2 Nxg2 42. Kxg2 f5 43. a3 Kd6 44. e5+ Kd5 45. Kf3 a5 46. Ke2 b4 47. axb4 axb4 48. cxb4 c3 0-1